Instructor's manual and problem solutions to physics (Record no. 31184)
[ view plain ]
| 000 -LEADER | |
|---|---|
| fixed length control field | 00350nam a2200133Ia 4500 |
| 050 ## - CALL MARK | |
| Classification number | QC 21.2 .A56/ |
| 100 ## - STATEMENT OF RESPONSIBILITY--MAIN AUTHOR NAME | |
| Personal name | Alonso, Marcelo |
| 245 ## - TITLE STATEMENT | |
| Title | Instructor's manual and problem solutions to physics |
| 260 ## - PUBLICATION, DISTRIBUTION, ETC. (IMPRINT) | |
| Place of publication | USA |
| Name of publisher | Addison- Wesley publishing company |
| Year of publication | 1970 |
| 300 ## - PHYSICAL DESCRIPTION | |
| Number of Pages | 447p. |
| 650 ## - SUBJECT ADDED ENTRY--TOPICAL TERM | |
| Topical Term | Physics |
| 942 ## - ADDED ENTRY ELEMENTS (KOHA) | |
| Koha item type | Books |
| Source of classification | Library of Congress Classification |
| Withdrawn status | Lost status | Source of classification or shelving scheme | Damaged status | Not for loan | Permanent Location | Current Location | Date acquired | Full call number | Accession Number | Price effective from | Koha item type |
|---|---|---|---|---|---|---|---|---|---|---|---|
| Library of Congress Classification | NILE UNIVERSITY OF NIGERIA - MAIN LIBRARY | NILE UNIVERSITY OF NIGERIA - MAIN LIBRARY | 11/11/2025 | QC 21.2 .A56 1970 | 0000673 | 11/11/2025 | Books |